000 00738nam a2200241 i 4500
001 bg
245 0 0 _aStahlbau Handbuch :
_bfür Studium und Praxis /
_chrsg. vom Deutschen Stahlbau-Verband.
260 _aKöln :
_bStahlbau-Verlagsgesellschaft,
_c1992.
300 _aXXII, 1082 s. :
_brys., wykr. ;
_c25 cm.
490 1 _aStahlbau-Handbuch ;
_vBd.1, T.B
504 _aBibliogr. przy rozdz. Indeksy aut. i przedm.
650 9 _aKonstrukcje stalowe
655 _aPoradniki
710 0 _aDeutschen Stahlbau-Verband
830 _aStahlbau-Handbuch ;
020 _a3923726422
040 _cBPK
041 0 _ade
080 _a624.01/.07(035)
920 _a3-923726-42-2
942 _cKS
008 s pl f |000 0 pol
999 _c30201
_d30201
856 _uhttp://koha.tu.koszalin.pl/cgi-bin/koha/opac-detail.pl?biblionumber=30201
_yKatalog online BPK